Normal view MARC view
  • Rusinoff, S.E

Entry Personal Name

Number of records used in: 5

001 - CONTROL NUMBER

  • control field: 38976

003 - CONTROL NUMBER IDENTIFIER

  • control field: NUST

005 - DATE AND TIME OF LATEST TRANSACTION

  • control field: 20210314131318.0

008 - FIXED-LENGTH DATA ELEMENTS

  • fixed length control field: 210314|| aca||aabn | a|a d

040 ## - CATALOGING SOURCE

  • Original cataloging agency: NUST
  • Transcribing agency: NUST

100 ## - HEADING--PERSONAL NAME

  • Personal name: Rusinoff, S.E

670 ## - SOURCE DATA FOUND

  • Source citation: Work cat.: (NUST): Rusinoff, S.E, Mathematics for Industry, 1949
© 2023 Central Library, National University of Sciences and Technology. All Rights Reserved.